Θεώρημα Sturm : πτυχιακή εργασία
Σε αυτή την πτυχιακή ασχολούμαστε με τα πολυώνυμα και τις ρίζες τους. Αποδεικνύουμε το θεμελιώδες θεώρημα της άλγεβρας, καθώς επίσης εξετάζουμε τις λύσεις δευτεροβάθμιων, τριτοβάθμιων και τεταρτοβάθμιων εξισώσεων. Τέλος, αναφερόμαστε και αποδεικνύουμε το θεώρημα στουρμ....
Saved in:
| Main Author: | |
|---|---|
| Corporate Author: | |
| Format: | Thesis Book |
| Language: | Greek |
| Published: |
2013.
|
| Subjects: | |
| Online Access: | http://hdl.handle.net/11610/7939 |
| Tags: |
Add Tag
No Tags, Be the first to tag this record!
|
MARC
| LEADER | 00000cam a2200000 i 4500 | ||
|---|---|---|---|
| 001 | 1/46997 | ||
| 008 | 140509s2013 gr | ||| |||| ||gre|| | ||
| 035 | |l 10117578 | ||
| 040 | |a GR-MyUA |b gre |e AACR2 | ||
| 041 | 0 | |a gre | |
| 082 | 0 | |a 512.9422 |2 (22) | |
| 100 | 1 | |a Ανδρέου, Θεοδώρα. | |
| 245 | 1 | 0 | |a Θεώρημα Sturm : |b πτυχιακή εργασία / |c Θεοδώρα Ανδρέου ; επιβλέπων καθηγητής Ευάγγελος Φελουζής. |
| 260 | |c 2013. | ||
| 300 | |a 35 σ. ; |c 30 εκ. | ||
| 500 | |a Μέλη της εξεταστικής επιτροπής: Φελουζής Ευάγγελος, Ανούσης Μιχαήλ, Παπαλεξίου Νικόλαος. | ||
| 502 | |a Πτυχιακή εργασία – Πανεπιστήμιο Αιγαίου, Σάμος, 2013. | ||
| 504 | |a Περιέχει βιβλιογραφικές αναφορές. | ||
| 506 | 0 | |a Διάθεση πλήρους κειμένου - Ελεύθερη πρόσβαση. | |
| 520 | |a Σε αυτή την πτυχιακή ασχολούμαστε με τα πολυώνυμα και τις ρίζες τους. Αποδεικνύουμε το θεμελιώδες θεώρημα της άλγεβρας, καθώς επίσης εξετάζουμε τις λύσεις δευτεροβάθμιων, τριτοβάθμιων και τεταρτοβάθμιων εξισώσεων. Τέλος, αναφερόμαστε και αποδεικνύουμε το θεώρημα στουρμ. | ||
| 610 | 2 | 0 | |a University of the Aegean |x Dissertations. |
| 650 | 0 | 0 | |a Polynomials. |
| 650 | 0 | 0 | |a Equations. |
| 650 | 0 | 0 | |a Algebra. |
| 650 | 0 | 0 | |a Dissertations, Academic |z Greece. |
| 700 | 1 | |a Φελουζής, Βαγγέλης, |e dgs | |
| 710 | 2 | |a Πανεπιστήμιο Αιγαίου. |b Σχολή Θετικών Επιστημών. |b Τμήμα Μαθηματικών. | |
| 852 | |a INST |b SAMOS |c DIATR |e 20140509 |h 512.9422 ΑΝΔ |p 005300036681 |q 005300036681 |t DIE |y 23 | ||
| 852 | |a INST |b SAMOS |c DIATR |e 20140509 |h 512.9422 ΑΝΔ |p 005300036682 |q 005300036682 |t DIE |y 23 | ||
| 856 | |u http://hdl.handle.net/11610/7939 | ||
| 901 | |a BIBL3-2014-2 | ||
| 909 | |a Σ |b 184825 | ||
| 909 | |a Σ |b 184826 | ||
| 924 | |a ΑΝΔΡΕΟΥ |b ΘΕΟΔΩΡΑ |y Σάμος |z 2014-02 | ||
| 970 | |a ΚΟΣΙΕΡΗΣ |b ΧΡΗΣΤΟΣ |z 2014/05/09 | ||